Convenios, estatutos, reglamentos, reuniones y personal internacional

Saved in:
Bibliographic Details
Corporate Author: Comisión Permanente del Pacífico Sur: Chile - Ecuador - Perú (Author)
Format: Book
Language:Spanish
Published: Santiago Secretaría General 1975
Subjects:
Tags: Add Tag
No Tags, Be the first to tag this record!

MARC

LEADER 00000nam a2200000 a 4500
001 UCT9126
003 CL-VaPUC
008 970404e19750000CL |||||||||||||||||spa|d
082 0 4 |a 343.096  |b COM  |2 21 
110 2 |a Comisión Permanente del Pacífico Sur: Chile - Ecuador - Perú  |e author  |9 381525 
245 1 0 |a Convenios, estatutos, reglamentos, reuniones y personal internacional 
300 |a 81 p 
942 |c BK 
945 |d 19970404 00:00:00  |a cmena 
260 |a Santiago  |b Secretaría General  |c 1975 
650 0 |a Derecho marítimo  |9 255301 
650 0 |a Pesca  |9 258707 
650 0 |a Derecho y legislación   |9 255077 
650 7 |a DERECHOS DE PESCA  |2 CL-VaPUC  |9 345789 
650 0 |a Recursos marinos  |9 261196 
650 0 |a Derecho internacional  |9 255637 
583 |a last modification  |c 19970404 00:00:00  |k Rodrigo Vera 
999 |c 257549  |d 257547 
952 |0 0  |1 0  |4 0  |6 343_096000000000000_COM_1975  |7 0  |8 A  |9 281073  |a BIBDER  |b BIBDER  |d 2019-11-19  |i 1823108  |o 343.096 COM 1975  |p 1823108  |r 2023-01-25  |w 2019-11-19  |y BK  |k DER